Fazail e Qur'an / (Record no. 565200)

000 -LEADER
fixed length control field 00338nam a2200121Ia 4500
008 - FIXED-LENGTH DATA ELEMENTS--GENERAL INFORMATION
fixed length control field 210430s9999 xx 000 0 und d
082 ## - DEWEY DECIMAL CLASSIFICATION NUMBER
Classification number 297.122 Z215F
100 ## - MAIN ENTRY--PERSONAL NAME
Personal name Hazrat Molana Muhammad Zakria
245 ## - TITLE STATEMENT
Title Fazail e Qur'an /
Statement of responsibility, etc. Hazrat Molana Muhammad Zakria
260 ## - PUBLICATION, DISTRIBUTION, ETC.
Place of publication, distribution, etc. Lahore
Name of publisher, distributor, etc. Kutub Khana Faizi
300 ## - PHYSICAL DESCRIPTION
Extent 88
942 ## - ADDED ENTRY ELEMENTS (KOHA)
Koha item type Book
Source of classification or shelving scheme
Holdings
Withdrawn status Lost status Source of classification or shelving scheme Damaged status Not for loan Permanent Location Current Location Shelving location Date acquired Full call number Barcode Date last seen Price effective from Koha item type
          School of Chemical & Materials Engineering (SCME) School of Chemical & Materials Engineering (SCME) General Stacks 06/15/4 297.122 Z215F SCME-4489 04/30/2021 04/30/2021 Book
© 2023 Central Library, National University of Sciences and Technology. All Rights Reserved.